| 000 | 01841nam2a2200277 i 4500 | ||
|---|---|---|---|
| 001 | RU\NLR\BIBL_A\010525101 | ||
| 005 | 20241103190353.0 | ||
| 010 |
_a9785966913304 _bч.1 _9174 |
||
| 021 |
_aRU _b2014-64229 _93912 |
||
| 035 | _a(NLR Aleph) 010525101 | ||
| 090 |
_a10232251 _c10232251 |
||
| 100 | _a20131026g20149999km y0rusy50 ca | ||
| 101 | 0 | _arus | |
| 102 | _aRU | ||
| 105 | _aa|||z|||100yy | ||
| 200 | 0 | _aЧ. 1 | |
| 210 | _d2014 | ||
| 215 |
_a473, [1] с. _cил. |
||
| 320 | _aБиблиогр. в примеч. в конце докл. | ||
| 461 | 0 |
_1001RU\NLR\BIBL_A\010533060 _12000#$aМатериалы научной сессии, г. Волгоград, 21-25 апреля 2014 г.$eв 2 ч.$fМ-во образования и науки Рос. Федерации, Федер. гос. автоном. образоват. учреждение высш. проф. образования "Волгогр. гос. ун-т"$vЧ. 1 _910265320 _aВолгоградский государственный университет. Научная сессия (2014) _cВолгоград _d2014 _fМ-во образования и науки Рос. Федерации, Федер. гос. автоном. образоват. учреждение высш. проф. образования "Волгогр. гос. ун-т" _nИзд-во Волгоградского государственного университета _oв 2 ч. _tМатериалы научной сессии, г. Волгоград, 21-25 апреля 2014 г. _y9785966913298 _vЧ. 1 |
|
| 601 | 0 | 2 |
_aВолгоградский государственный университет _jСборники _xНаучные конференции _91396982 _3RU\NLR\auth\66274845 |
| 686 | _aЯ431(2)31 | ||
| 942 | _cBOOK | ||
| 980 | _aNBR | ||